| 000 | 00754nam a2200241 i 4500 | ||
|---|---|---|---|
| 001 | 13500 | ||
| 003 | ES-MaACL | ||
| 005 | 20250809063449.0 | ||
| 007 | t| | ||
| 008 | 980423s1994 sp |||| | spa d | ||
| 020 | _a84-7100-641-3 | ||
| 080 | _a327(460:6-17)"16/17" | ||
| 100 | 1 |
_aVilar, Juan Bautista, _d1941-2018 _9114797 |
|
| 245 | 1 | 0 |
_aRelaciones entre España y el Magreb _b: siglos XVII y XVIII / _cJuan Bta. Vilar, Ramón Lourido. |
| 260 |
_aMadrid : _bMAPFRE, _cD.L. 1994. |
||
| 300 |
_a405 p. ; _c23 cm. |
||
| 490 | 1 |
_aEl Magreb ; _v11 |
|
| 651 | 4 |
_aEspaña- _xRelaciones- _zMagreb. _9154082 |
|
| 700 | 1 |
_aLourido, Ramón. _974329 |
|
| 830 | 0 |
_aEl Magreb ; _v11 _9179117 |
|
| 852 |
_aES-MaACL _jL-20775 |
||
| 999 |
_c13500 _d13500 |
||